000 00302nam a2200121Ia 4500
008 240731s9999 xx 000 0 und d
022 _a2535-5406
245 0 _aHuman Rights Education Review
260 _bRoutledge
856 _uhttps://www.tandfonline.com/loi/rhre20
942 _2ddc
942 _cTFEJ
999 _c76880
_d76880
945 _a1
_bMadushi Gamage
_c1
_dMadushi Gamage